Countries with the Largest Urban Populations - Statistics

General Stats
  • This quiz has been taken 123 times
  • The average score is 15 of 17
Answer Stats
# Country % Correct
897,578,430 China
100%
276,908,630 United States
99%
508,368,360 India
97%
108,359,440 Russia
96%
188,517,730 Brazil
95%
115,058,680 Japan
95%
65,067,460 Germany
94%
56,522,520 United Kingdom
94%
55,402,740 France
93%
159,608,950 Indonesia
93%
88,979,080 Pakistan
92%
103,660,850 Mexico
89%
67,979,820 Bangladesh
85%
116,965,440 Nigeria
83%
65,453,230 Turkey
79%
68,013,040 Iran
78%
55,441,750 Philippines
71%
No matching quizzes found
Score Distribution
Percent of People with Each Score
Percentile by Number Answered
Your Score History
You have not taken this quiz